| 000 | 00458cam a2200181ua 4500 | ||
|---|---|---|---|
| 020 |
_a81-212-0241-x _c150.00 |
||
| 041 |
_aeng _h |
||
| 082 |
_a633.18 _bTUK/HI |
||
| 100 | _aTuk-Tuk Kumar, . | ||
| 245 |
_aHistory of Rice in India / _cTuk-Tuk Kumar. _hTextual Documents |
||
| 250 |
_a1 / _b. |
||
| 260 |
_aDelhi : _bGian publishing house , _c1988. |
||
| 300 | _a242 ; . | ||
| 365 | _a150.00 | ||
| 504 | _a | ||
| 942 | _cBK | ||
| 999 |
_c1300 _d1300 |
||